Investiga. TEC (Registro nro. 9516)

Detalles MARC
000 -Líder
fixed length control field 00400nas a2200157 4500
005 - Fecha y hora de la última transacción
Campo de control 20220427083307.0
008 - Elementos de longitud fija--Información general
Campo de control de longitud fija 170605b xxu||||| |||| 00| 0 spa d
022 ## - Número Internacional de Publicaciones Seriadas
Número Internacional de Publicaciones Seriadas (ISSN) 16593383
245 ## - Título propiamente dicho
Título Investiga. TEC
260 ## - PUBLICACIÓN, DISTRIBUCIÓN, ETC.
Lugar de publicación Costa Rica
Editorial Tecnológica de Costa Rica
Año de publicación 2017
650 ## - Materia general
Temática (materia general) COSTA RICA
650 ## - Materia general
Temática (materia general) TECNOLOGIA
650 ## - Materia general
Temática (materia general) CIENCIA
942 ## - Punto de acceso adicional KOHA
Punto de acceso adicional KOHA Revista
Existencias
Signatura completa Código de barras Tipo de ítem
Investiga. TEC. Mes mayo, Número 23, 2015 IT1523 Revista
Investiga. TEC. Mes setiembre, Número 27, 2016 IT1627 Revista
Investiga. TEC. Mes octubre, Número especial de proyectos de extensión, 2016 IT16OCT Revista
Investiga. TEC. Mes enero, Numero 28, 2017 IT1728 Revista
Investiga. TEC. Mes mayo, Número 29, 2017 IT1729 Revista
Investiga. TEC. Mes setiembre, Número 30, 2017 IT1730 Revista
Investiga. TEC Mes enero, Número 31, 2018 IT1831 Revista
Investiga. TEC. Mes mayo, Número 32, 2018 IT1832 Revista
Investiga. TEC Mes Setiembre, Número 33, 2018 IT1833 Revista
Investiga. TEC. Mes Enero, Número 34, 2019 IT1934ENE Revista
Investiga. TEC. Mes mayo, Número 35, 2019 IT1935 Revista